Every football club in Slovenian first league - all time - Statistics

General Stats
  • This quiz has been taken 11 times
  • The average score is 18 of 42
Answer Stats
Answer % Correct
Maribor
100%
Olimpija
100%
Celje
91%
Koper
91%
Domžale
82%
Bravo
73%
Primorje
73%
Izola
64%
Krško
64%
Mura
64%
Radomlje
64%
Triglav Kranj
64%
Aluminij
55%
Ankaran
55%
Beltinci
55%
Gorica
55%
Krka
55%
Rudar Velenje
55%
Zavrč
55%
Interblock
45%
Nafta
45%
Rogaška
45%
Drava Ptuj
36%
Dravograd
36%
Ivančna Gorica
36%
Tabor Sežana
36%
Korotan Prevalje
27%
Rudar Trbovlje
27%
Slovan
27%
Šmartno
27%
Kočevje
18%
Ljubljana
18%
Svoboda Ljubljana
18%
Bela Krajina
9%
Jadran Dekani
9%
Steklar
9%
Želežničar Maribor
9%
Medvode
0%
Naklo
0%
Pohorje
0%
Slavija Vevče
0%
Zagorje
0%
No matching quizzes found
Score Distribution
Percent of People with Each Score
Percentile by Number Answered
Your Score History
You have not taken this quiz